00385cam a22001217a 4500008004000000082001300040100002100053245007700074260002200151300000900173500004500182650003600227180718b1956 xxu||||| |||| 00| 0 eng d aD11 D334 aDayal, Harishwar aThe Organization of diplomatic and consular servicescby Harishwar Dayal aDelhibICWRc1956 a14p. aReprint from India Qtly, July-Sept. 1956 aDiplomatic and Consular Service